| 000 | 01390cam a22003855a 4500 | ||
|---|---|---|---|
| 999 |
_c478625 _d478625 |
||
| 001 | 14759443 | ||
| 003 | NUST | ||
| 005 | 20180607052256.0 | ||
| 008 | 070306s2005 inua b 001 0beng d | ||
| 010 | _a 2007272387 | ||
| 020 | _a0892591374 (pbk.) | ||
| 035 | _a(OCoLC)ocm29701130 | ||
| 038 | _aArshad | ||
| 040 |
_aNRM _cNRM _dOCL _dOCLCQ _dNLGGC _dOCLCQ _dDLC |
||
| 041 | 1 |
_aeng _hara |
|
| 042 | _alccopycat | ||
| 043 | _aa-su--- | ||
| 082 |
_a297.63 _bHAY |
||
| 084 |
_a11.82 _2bcl |
||
| 100 | 1 |
_aHaykal, Muḥammad Ḥusayn, _d1888-1956. _911087 |
|
| 240 | 1 | 0 |
_aḤayāt Muḥammad. _lEnglish |
| 245 | 1 | 4 |
_aThe life of Muḥammad / _cby Muḥammad Ḥusayn Haykal ; translated from the 8th edition by Isma'īl Rāgī A. al Fārūqī. |
| 260 |
_aIndianapolis, IN : _bAmerican Trust Publications, _c2005. |
||
| 300 |
_alxxxviii, 624 p. : _bill. ; _c23 cm. |
||
| 500 | _aTranslation of: Ḥayāt Muḥammad. | ||
| 504 | _aIncludes bibliographical references and index. | ||
| 600 | 0 | 0 |
_aMuḥammad, _cProphet, _d-632. _96565 |
| 650 | 0 |
_aMuslims _zSaudi Arabia _vBiography. _96566 |
|
| 650 | 1 | 7 |
_aIslam. _2gtt _9174 |
| 700 | 1 |
_aAl-Faruqi, Ismaʼil R., _d1921-1986. _911088 |
|
| 880 |
_6245-02\r _aوما ارسلنٰک الا رحمتہ للعٰلمین |
||
| 906 |
_a0 _bibc _ccopycat _d2 _encip _f20 _gy-gencatlg |
||
| 942 |
_2ddc _cBK |
||